Online
Catalog

El más antiguo y grave problema antillano / (Record no. 28575)

MARC details
000 -CABECERA
campo de control de longitud fija 00832nam a2200217 a 4500
001 - NÚMERO DE CONTROL
campo de control 000029083
005 - FECHA Y HORA DE LA ÚLTIMA TRANSACCIÓN
campo de control 20250320094435.0
008 - DATOS DE LONGITUD FIJA--INFORMACIÓN GENERAL
campo de control de longitud fija 110413t1938 dr 000 0 spa d
040 ## - FUENTE DE LA CATALOGACIÓN
Centro catalogador/agencia de origen DO-SdBNP
Lengua de catalogación spa
Centro/agencia transcriptor BNPHU
082 ## - NÚMERO DE LA CLASIFICACIÓN DECIMAL DEWEY
Número de clasificación F-RD 44
049 ## - FONDOS LOCALES (OCLC)
Fondos de biblioteca BNPD
100 1# - ENTRADA PRINCIPAL--NOMBRE DE PERSONA
Nombre de persona Díaz Ordoñez, V.
9 (RLIN) 23244
245 13 - MENCIÓN DE TÍTULO
Título El más antiguo y grave problema antillano /
Mención de responsabilidad, etc. V. Díaz Ordoñez.
260 ## - PUBLICACIÓN, DISTRIBUCIÓN, ETC.
Lugar de publicación, distribución, etc. Ciudad Trujillo, República Dominicana :
Nombre del editor, distribuidor, etc. La Opinión,
Fecha de publicación, distribución, etc. 1938.
300 ## - DESCRIPCIÓN FÍSICA
Extensión 33 p. ;
Dimensiones 19 cm.
650 #4 - PUNTO DE ACCESO ADICIONAL DE MATERIA--TÉRMINO DE MATERIA
Término de materia o nombre geográfico como elemento de entrada Isla española (haití y república dominicana)
Subdivisión general Límites
-- Ensayos, conferencias, etc.
9 (RLIN) 55983
650 #4 - PUNTO DE ACCESO ADICIONAL DE MATERIA--TÉRMINO DE MATERIA
Término de materia o nombre geográfico como elemento de entrada Política de fronteras
Subdivisión general Ensayos, conferencias, etc.
9 (RLIN) 5195
651 #0 - PUNTO DE ACCESO ADICIONAL DE MATERIA--NOMBRE GEOGRÁFICO
Nombre geográfico República Dominicana
Subdivisión general Limites
Subdivisión geográfica Haití
9 (RLIN) 55984
651 #4 - PUNTO DE ACCESO ADICIONAL DE MATERIA--NOMBRE GEOGRÁFICO
Nombre geográfico Haití
Subdivisión general Límites
Subdivisión geográfica República Domnicana
9 (RLIN) 55985
910 ## - DATOS DE OPCIÓN DEL USUARIO (OCLC)
Datos de opción del usuario Validado. Control de calidad EMS.
Holdings
Estado de retiro Estado de pérdida Restricciones de uso No para préstamo Código de colección Localización permanente Ubicación/localización actual Ubicación en estantería Fecha de adquisición Número de inventario Total de préstamos Signatura topográfica completa Código de barras Fecha visto por última vez Número de copia Precio válido a partir de Tipo de ítem Koha Nota pública
  Extraviado     Dominicana de Servicio General General Extraviado 31.01.2012 LF1   F-RD 44 29083-40 25.06.2020 e. 4 25.06.2020 Libro y Folleto Colección Dominicana de Servicio  
  Extraviado     Raros y valiosos General General Extraviado 17.08.2011 LF1   F-RD 44 29083-30 25.06.2020 e. 3 25.06.2020 Préstamo en sala  
      Excluido de préstamo Raros y valiosos Patrimonio Dominicano Patrimonio Dominicano Depósito 13.04.2011 LF1   F-RD 44 29083-10 25.06.2020   25.06.2020 No se presta Perteneció a la biblioteca personal de Federico Henríquez y Carvajal
      Excluido de préstamo Raros y valiosos Patrimonio Dominicano Patrimonio Dominicano Depósito 27.04.2011 LF1   F-RD 44 29083-20 25.06.2020 e. 2 25.06.2020 No se presta  

Powered by Koha